000 00333nam a22001337a 4500
999 _c54978
_d54978
008 200203b ||||| |||| 00| 0 eng d
041 _aeng
080 _a043.3
082 _a043.3
100 _a0
101 _aBTH
245 _aRigjenerimi përbrenda mureve Antike në qytetin e vjetër të Kotorrit
_cAhmeti,A
942 _2udc
_cBK